[Event "Chess.com Open Playoffs"]
[Site "chess.com INT"]
[Date "2026.04.23"]
[Round "2.4"]
[White "Nihal, Sarin"]
[Black "Dubov, Daniil"]
[Result "1/2-1/2"]
[WhiteTitle "GM"]
[BlackTitle "GM"]
[WhiteElo "2723"]
[BlackElo "2654"]
[WhiteFideId "25092340"]
[BlackFideId "24126055"]
[EventDate "2026.04.23"]
[EventType "k.o."]

1. d4 d5 2. c4 e6 3. Nf3 Nf6 4. Nc3 h6 5. e3 Be7 6. b3 O-O 7. Bb2 c5 8. cxd5
Nxd5 9. Nxd5 exd5 10. Be2 Nc6 11. O-O Bg4 12. Rc1 b6 13. dxc5 bxc5 14. Nd4 Bxe2
15. Nxe2 a5 16. Nc3 d4 17. exd4 Nxd4 18. Na4 Rc8 19. Bxd4 cxd4 20. Rxc8 Qxc8 21.
Qxd4 Qc2 22. Qe5 Bf6 23. Qxa5 Qxa2 24. Qb4 Rd8 25. g3 Qe2 26. Qc4 Qf3 27. Nc5
Bd4 28. b4 h5 29. Nb3 Bf6 30. Nc5 Bd4 31. Nb3 Bf6 32. Nc5 Rd4 33. Qb3 Qc6 34.
Rd1 h4 35. Rxd4 Bxd4 36. Qa4 Qxa4 37. Nxa4 hxg3 38. hxg3 Kf8 39. Kg2 Ke7 40. f4
Kd6 41. b5 f5 42. Kf3 Kd5 43. Ke2 g6 44. Kf3 Kd6 45. g4 Kd5 46. g5 Kd6 47. Ke2
Kd5 48. Kd3 Bf2 49. Nb2 Kc5 50. Nc4 Bg3 51. Ne5 Bxf4 52. Nxg6 Bxg5 53. Ke2 Kxb5
54. Kf3 Kc5 55. Nh4 Bxh4 56. Kf4 Kd5 57. Kxf5 1/2-1/2

[Event "Chess.com Open Playoffs"]
[Site "chess.com INT"]
[Date "2026.04.23"]
[Round "2.5"]
[White "Dubov, Daniil"]
[Black "Nihal, Sarin"]
[Result "0-1"]
[WhiteTitle "GM"]
[BlackTitle "GM"]
[WhiteElo "2654"]
[BlackElo "2723"]
[WhiteFideId "24126055"]
[BlackFideId "25092340"]
[EventDate "2026.04.23"]
[EventType "k.o."]

1. e4 e5 2. Nf3 Nc6 3. d4 exd4 4. Nxd4 Bb4+ 5. c3 Bc5 6. Nb3 Bb6 7. c4 d6 8. Nc3
Nge7 9. Be2 O-O 10. O-O f5 11. Bg5 h6 12. Bxe7 Qxe7 13. Nd5 Qe5 14. exf5 Bxf5
15. Qd2 Be6 16. Nxb6 axb6 17. Rae1 Qf4 18. Qc3 Rxa2 19. Bd3 Qf6 20. Qc1 Ne5 21.
Bb1 Rxb2 22. Nd4 Rxb1 23. Qxb1 Bxc4 24. Ne2 b5 25. f4 Nd3 26. Rd1 Re8 27. Rd2
Nc5 28. Re1 Qe6 29. Kf1 Qe3 30. Qg6 Re6 0-1

[Event "Chess.com Open Playoffs"]
[Site "chess.com INT"]
[Date "2026.04.23"]
[Round "2.5"]
[White "Lazavik, Denis"]
[Black "Abdusattorov, Nodirbek"]
[Result "1-0"]
[WhiteTitle "GM"]
[BlackTitle "GM"]
[WhiteElo "2605"]
[BlackElo "2780"]
[WhiteFideId "13515110"]
[BlackFideId "14204118"]
[EventDate "2026.04.23"]
[EventType "k.o."]

1. d4 d5 2. Nf3 Nf6 3. Bg5 Ne4 4. Bh4 c5 5. e3 Nc6 6. Nbd2 cxd4 7. Nxd4 Nxd4 8.
Nxe4 dxe4 9. exd4 Qb6 10. Be2 e6 11. O-O Bd7 12. Qd2 Bd6 13. c4 Qc7 14. Bg3 O-O
15. b4 f5 16. c5 Bxg3 17. hxg3 Bc6 18. Qf4 Qe7 19. b5 Bd5 20. a4 g5 21. Qe5 Qg7
22. Qxg7+ Kxg7 23. a5 Rab8 24. a6 b6 25. Rfc1 Rf7 26. Rc3 Kf6 27. Rac1 f4 28.
cxb6 axb6 29. Rc7 Rxc7 30. Rxc7 h6 31. Rd7 fxg3 32. Rc7 e5 33. dxe5+ Kxe5 34.
fxg3 Rf8 35. Rc1 Kd4 36. Rd1+ Kc5 37. Rf1 Re8 38. Rc1+ Kd4 39. Rd1+ Kc5 40. Kf1
g4 41. Rc1+ Kd4 42. Bxg4 Bc4+ 43. Be2 Bd3 44. Ke1 Re5 45. Ra1 Re8 46. Rc1 Ke3
47. Rc3 Rd8 48. Bxd3 exd3 49. Rc6 Rb8 50. Rxh6 Kd4 51. Kd2 Kc5 52. Rh5+ Kc4 53.
a7 Rh8 54. Rxh8 1-0

[Event "Chess.com Open Playoffs"]
[Site "chess.com INT"]
[Date "2026.04.23"]
[Round "51.1"]
[White "Erigaisi, Arjun"]
[Black "Nepomniachtchi, Ian"]
[Result "1-0"]
[WhiteTitle "GM"]
[BlackTitle "GM"]
[WhiteElo "2751"]
[BlackElo "2729"]
[WhiteFideId "35009192"]
[BlackFideId "4168119"]
[EventDate "2026.04.23"]
[EventType "k.o."]

1. d4 Nf6 2. c4 e6 3. Nc3 Bb4 4. Qc2 c5 5. dxc5 O-O 6. a3 Bxc5 7. Nf3 d5 8. Bf4
d4 9. O-O-O Nbd7 10. Na4 Be7 11. Rxd4 b5 12. cxb5 Bb7 13. Bc7 Qe8 14. e4 Rc8 15.
Bd3 Nc5 16. Nxc5 Rxc7 17. Rc4 Rxc5 18. Rxc5 Bxc5 19. Qxc5 Bxe4 20. Rd1 Bxf3 21.
gxf3 Qb8 22. Kb1 Rc8 23. Qd4 Nd5 24. h4 Kf8 25. Rg1 Nf6 26. Rc1 Rd8 27. Qc5+ Kg8
28. Qc7 Qa8 29. Qc6 Qb8 30. Be4 Rf8 31. Qb7 Qe5 32. Rc8 g6 33. Rxf8+ Kxf8 34.
Qxa7 Qxb5 35. Qd4 Kg7 36. a4 Qa5 37. Bc2 Qe1+ 38. Ka2 e5 39. Qe3 Qa5 40. Qc3
Qd5+ 41. Bb3 Qd6 42. Qc4 Qe7 43. a5 Qa7 44. a6 Kh6 45. Qc6 Nd7 46. Qb7 Qxb7 47.
axb7 Kg7 48. Ka3 f5 49. Kb4 Kf6 50. Kb5 h5 51. Kc6 Ke7 52. Kc7 g5 53. hxg5 h4
54. Bc4 h3 55. Bf1 h2 56. Bg2 1-0

[Event "Chess.com Open Playoffs"]
[Site "chess.com INT"]
[Date "2026.04.23"]
[Round "51.1"]
[White "Pranesh, M"]
[Black "Sargsyan, Shant"]
[Result "1-0"]
[WhiteTitle "GM"]
[BlackTitle "GM"]
[WhiteElo "2632"]
[BlackElo "2647"]
[WhiteFideId "35028600"]
[BlackFideId "13306766"]
[EventDate "2026.04.23"]
[EventType "k.o."]

1. e4 e5 2. Nf3 Nc6 3. Nc3 Nf6 4. Bb5 Bb4 5. O-O O-O 6. Nd5 Be7 7. Re1 d6 8.
Nxe7+ Nxe7 9. d4 Ng6 10. h3 Bd7 11. Bd3 Re8 12. c3 h6 13. a4 a5 14. dxe5 dxe5
15. Be3 Bc6 16. Qc2 Qe7 17. Nd2 Nh5 18. Bf1 Red8 19. Reb1 Nhf4 20. b4 b6 21. g3
Ne6 22. h4 Qe8 23. b5 Bb7 24. Rd1 Ngf8 25. Nb3 Rxd1 26. Rxd1 Rd8 27. f3 Rxd1 28.
Qxd1 Qe7 29. Qc1 Nd7 30. Bc4 Nec5 31. Nxc5 Nxc5 32. Qa3 Qd6 33. Bxc5 bxc5 34.
Kf2 Kf8 35. Qc1 f6 36. Ke2 Ke7 37. Ba2 Bc8 38. Bd5 f5 39. Qe3 Kf6 40. c4 fxe4
41. fxe4 Bg4+ 42. Kd2 Ke7 43. Kc2 Be6 44. Qc3 Bxd5 45. cxd5 Qf6 46. Qxa5 Qf2+
47. Kb3 Kd7 48. Qc3 Kd6 49. a5 Qf1 50. b6 cxb6 51. axb6 Qb5+ 52. Kc2 Qxb6 53.
Qf3 Ke7 54. Qf5 Qd6 55. Qg4 Qf6 56. Qe2 Qb6 57. Qh5 Qf6 58. Kc3 g6 59. Qg4 Qb6
60. Kc2 Qa6 61. h5 Qc4+ 62. Kb2 Qd4+ 63. Kc2 Qc4+ 64. Kd2 Qd4+ 65. Ke2 gxh5 66.
Qe6+ Kd8 67. Qd6+ Ke8 68. Qc6+ Kd8 69. d6 Qc4+ 70. Kf2 Qa2+ 71. Kg1 Qa7 72. Kh2
Qa2+ 73. Kg1 Qa7 74. Qd5 c4+ 75. Kg2 Qd4 76. Qc6 Qa7 77. Qxc4 Qd7 78. Qg8+ Qe8
79. Qg7 Qd7 80. Qf8+ Qe8 81. Qg7 Qe6 82. Qc7+ Ke8 83. Qb8+ Kf7 84. Qb7+ Ke8 85.
Qb8+ Kf7 86. Qc7+ Kg6 87. d7 Qa2+ 88. Kf3 Qb3+ 89. Ke2 Qa2+ 90. Kd3 Qb3+ 91. Kd2
Qb2+ 92. Qc2 Qd4+ 93. Qd3 Qb2+ 94. Ke3 Qb6+ 95. Ke2 Qd8 96. Qd6+ Kg5 97. Kf3 Qa8
98. Qxe5+ Kg6 99. Qe6+ Kg5 100. Qe7+ Kg6 101. Qd6+ Kg5 102. Qd5+ Kf6 103. Qxa8
Ke7 104. d8=Q+ Ke6 105. Qc6+ 1-0

[Event "Chess.com Open Playoffs"]
[Site "chess.com INT"]
[Date "2026.04.23"]
[Round "51.1"]
[White "Sevian, Samuel"]
[Black "Yu, Yangyi"]
[Result "1/2-1/2"]
[WhiteTitle "GM"]
[BlackTitle "GM"]
[WhiteElo "2696"]
[BlackElo "2717"]
[WhiteFideId "2040506"]
[BlackFideId "8603820"]
[EventDate "2026.04.23"]
[EventType "k.o."]

1. c4 e6 2. Nc3 d5 3. d4 h6 4. Nf3 Nf6 5. Bf4 c5 6. e3 cxd4 7. Nxd4 Nc6 8. Qa4
Bd7 9. cxd5 Nxd5 10. Ndb5 Nxf4 11. Qxf4 e5 12. Qf3 Bb4 13. a3 Bxc3+ 14. Nxc3 O-O
15. Bc4 Rc8 16. Ba2 Qb6 17. Rb1 Qa6 18. Qe2 Qxe2+ 19. Kxe2 Rfd8 20. Rhd1 Kf8 21.
Rbc1 Ne7 22. h3 h5 23. Rd2 Bc6 24. Rxd8+ Rxd8 25. f3 h4 26. Bb1 f5 27. Bd3 Kf7
28. Bb5 Bxb5+ 29. Nxb5 a6 30. Nc3 Rc8 31. Rd1 Ke6 32. Rd2 b5 33. Kf2 g6 34. Ke2
g5 35. Kf2 Nc6 36. Nd5 Na5 37. e4 fxe4 38. fxe4 Nb3 39. Re2 Nd4 40. Rd2 Nb3 41.
Re2 Rc1 42. Nc3 Nd4 43. Rd2 a5 44. Ne2 Rc4 45. Nxd4+ exd4 46. b3 Rc3 47. Rxd4
Rxb3 48. Rd5 Kf6 49. a4 bxa4 50. Rf5+ Kg6 51. Rxa5 a3 52. Ra6+ Kf7 53. Ra5 Kf6
54. Rf5+ Kg6 55. Ra5 Rc3 56. Ra6+ Kf7 57. e5 Ke7 58. Ke2 Rb3 59. Kf2 Rg3 60. Kf1
Rb3 61. Kf2 Rb2+ 62. Kf3 a2 63. g4 Rb3+ 64. Ke4 Rxh3 65. Rxa2 Rg3 66. Kf5 h3 67.
Ra7+ Kf8 68. Rh7 Re3 69. Kf6 Kg8 70. Rh5 Rf3+ 71. Ke7 Kg7 72. Rxg5+ Kh6 73. Rh5+
Kg6 74. e6 Re3 75. Kd7 Kf6 76. Rf5+ Kg6 77. e7 Rd3+ 78. Ke8 h2 79. Rh5 Rd2 80.
Kf8 Rf2+ 81. Kg8 Re2 82. Kf8 Rf2+ 83. Ke8 Rd2 84. Kf8 Rf2+ 1/2-1/2

[Event "Chess.com Open Playoffs"]
[Site "chess.com INT"]
[Date "2026.04.23"]
[Round "51.1"]
[White "Vachier-Lagrave, Maxime"]
[Black "Sindarov, Javokhir"]
[Result "0-1"]
[WhiteTitle "GM"]
[BlackTitle "GM"]
[WhiteElo "2717"]
[BlackElo "2745"]
[WhiteFideId "623539"]
[BlackFideId "14205483"]
[EventDate "2026.04.23"]
[EventType "k.o."]

1. e4 e5 2. Nf3 Nc6 3. Bb5 a6 4. Ba4 d6 5. c3 Bd7 6. O-O g6 7. d4 Bg7 8. Re1 Nf6
9. h3 O-O 10. Bc2 Nh5 11. Be3 Qe8 12. Nbd2 Kh8 13. dxe5 dxe5 14. Bc5 Rg8 15. Bb3
b6 16. Be3 Na5 17. Bd5 Rb8 18. b4 Nb7 19. Nc4 Ba4 20. Qe2 Nf4 21. Bxf4 exf4 22.
e5 Nd8 23. Qe4 c6 24. Bxf7 Qxf7 25. Nd6 Qe7 26. Qxf4 Rf8 27. Qc4 Ne6 28. Qxa6
Rxf3 29. Qxa4 Rxc3 30. Rad1 Rf8 31. Ne4 Rc4 32. Nd6 Rcf4 33. Ne4 Ng5 34. Qxc6
Nxe4 35. Rxe4 Rxf2 36. Qd5 Qg5 37. Ree1 R2f5 38. a4 Rxe5 39. Qd6 Rxe1+ 40. Rxe1
Qf4 41. Qxf4 Rxf4 42. g3 Rf6 43. Kg2 Kg8 44. Re4 Bf8 45. h4 Rc6 46. a5 bxa5 47.
bxa5 Rc2+ 48. Kh3 Ra2 49. Re5 Bb4 50. Rb5 Bxa5 51. Rb8+ Kg7 52. Rb7+ Kg8 53.
Rb8+ Kg7 54. Rb7+ Kh6 55. g4 Ra3+ 56. Kg2 Be1 57. g5+ Kh5 58. Rxh7+ Kg4 59. Rh6
Ra2+ 60. Kf1 Bc3 61. Rh7 Kg3 62. Rc7 Rf2+ 63. Kg1 Bd4 0-1

[Event "Chess.com Open Playoffs"]
[Site "chess.com INT"]
[Date "2026.04.23"]
[Round "51.2"]
[White "Nepomniachtchi, Ian"]
[Black "Erigaisi, Arjun"]
[Result "1-0"]
[WhiteTitle "GM"]
[BlackTitle "GM"]
[WhiteElo "2729"]
[BlackElo "2751"]
[WhiteFideId "4168119"]
[BlackFideId "35009192"]
[EventDate "2026.04.23"]
[EventType "k.o."]

1. e4 e5 2. Nf3 Nf6 3. Nxe5 d6 4. Nf3 Nxe4 5. Nc3 Nxc3 6. dxc3 Be7 7. Be3 O-O 8.
Qd2 Nd7 9. O-O-O c6 10. h4 d5 11. Kb1 Re8 12. Nd4 Ne5 13. f3 Bf8 14. h5 h6 15.
Bf4 Bd7 16. Qf2 Qf6 17. Bg3 b6 18. Bh4 Qd6 19. g4 Be7 20. Bg3 Qf6 21. Be2 Rad8
22. Qh2 Bf8 23. Bh4 Qd6 24. Bxd8 Rxd8 25. Rhg1 c5 26. f4 Nc6 27. Nb5 Qb8 28.
Rxd5 a6 29. Rgd1 Be6 30. Rxd8 Nxd8 31. Na3 Bd6 32. Qf2 b5 33. f5 Bd7 34. Bf3 Be8
35. Ka1 Kf8 36. Nb1 Be7 37. Bd5 Qe5 38. Qf3 a5 39. Nd2 b4 40. Nc4 Qc7 41. Kb1
Bf6 42. cxb4 cxb4 43. Qe3 Bb5 44. Qb6 Qxb6 45. Nxb6 a4 46. Bc4 1-0

[Event "Chess.com Open Playoffs"]
[Site "chess.com INT"]
[Date "2026.04.23"]
[Round "51.2"]
[White "Sargsyan, Shant"]
[Black "Pranesh, M"]
[Result "0-1"]
[WhiteTitle "GM"]
[BlackTitle "GM"]
[WhiteElo "2647"]
[BlackElo "2632"]
[WhiteFideId "13306766"]
[BlackFideId "35028600"]
[EventDate "2026.04.23"]
[EventType "k.o."]

1. d4 Nf6 2. Nf3 e6 3. Bf4 d5 4. e3 c5 5. Nbd2 Be7 6. c3 Nh5 7. Bxb8 Rxb8 8.
Bb5+ Kf8 9. Ne5 Nf6 10. Bd3 Nd7 11. Nef3 g6 12. Qe2 Kg7 13. a4 Bf6 14. e4 e5 15.
O-O Re8 16. dxe5 Bxe5 17. Nxe5 Nxe5 18. Bb5 Bd7 19. f4 Bxb5 20. axb5 Nc4 21. f5
Nxd2 22. f6+ Kg8 23. Qxd2 Rxe4 24. Rxa7 Re6 25. Qf4 d4 26. h4 Qd6 27. cxd4 cxd4
28. Ra3 Rd8 29. g4 d3 30. Qxd6 Rexd6 31. g5 d2 32. Rd1 h6 33. Kf2 Rd5 34. Rg3
Rxb5 35. b3 Rdd5 36. Re3 hxg5 37. hxg5 Rxg5 38. Re8+ Kh7 39. Re7 Rgf5+ 40. Ke2
Rxf6 41. Re3 Rbf5 42. Rh1+ Kg7 43. Kxd2 Rf2+ 0-1

[Event "Chess.com Open Playoffs"]
[Site "chess.com INT"]
[Date "2026.04.23"]
[Round "51.2"]
[White "Sindarov, Javokhir"]
[Black "Vachier-Lagrave, Maxime"]
[Result "0-1"]
[WhiteTitle "GM"]
[BlackTitle "GM"]
[WhiteElo "2745"]
[BlackElo "2717"]
[WhiteFideId "14205483"]
[BlackFideId "623539"]
[EventDate "2026.04.23"]
[EventType "k.o."]

1. e4 c5 2. Nf3 d6 3. d4 cxd4 4. Nxd4 Nf6 5. Bd3 Nbd7 6. c4 b6 7. Nc3 Bb7 8. O-O
g6 9. Re1 Bg7 10. Bg5 h6 11. Bh4 O-O 12. Rc1 Rc8 13. b3 a6 14. Bf1 e6 15. f3 Qc7
16. Qd2 Rfd8 17. Bg3 Qb8 18. Red1 Ne5 19. Bf2 d5 20. exd5 exd5 21. cxd5 Nxd5 22.
Nxd5 Rxd5 23. Qb4 Rxc1 24. Rxc1 Qd8 25. Nc2 Nxf3+ 26. Kh1 Nxh2 27. Kxh2 Rh5+ 28.
Kg1 Qc7 29. Be3 Qh2+ 30. Kf2 Rf5+ 31. Ke1 Bxg2 32. Bd3 Bf3 33. Qc4 Qg3+ 34. Kd2
Qg2+ 35. Ke1 Rh5 36. Nd4 Rc5 0-1

[Event "Chess.com Open Playoffs"]
[Site "chess.com INT"]
[Date "2026.04.23"]
[Round "51.2"]
[White "Yu, Yangyi"]
[Black "Sevian, Samuel"]
[Result "1/2-1/2"]
[WhiteTitle "GM"]
[BlackTitle "GM"]
[WhiteElo "2717"]
[BlackElo "2696"]
[WhiteFideId "8603820"]
[BlackFideId "2040506"]
[EventDate "2026.04.23"]
[EventType "k.o."]

1. d4 Nf6 2. c4 e6 3. Nc3 Bb4 4. Nf3 d5 5. cxd5 exd5 6. Bg5 h6 7. Bh4 O-O 8. Qc2
Re8 9. e3 Nbd7 10. Bd3 c6 11. O-O Qa5 12. a3 Bxc3 13. bxc3 b6 14. c4 Ba6 15.
Rfc1 Bxc4 16. Bxc4 dxc4 17. Qxc4 Rac8 18. Bxf6 Nxf6 19. Ne5 Re6 20. h3 Qd5 21.
a4 c5 22. Nd3 Qxc4 23. Rxc4 Rd8 24. Ne5 Ne4 25. Nf3 Ree8 26. Rc2 g6 27. Rb1 Kg7
28. dxc5 Nxc5 29. a5 Rd6 30. Nd4 Ne6 31. Nb5 Rd7 32. axb6 axb6 33. Rc6 Rb8 34.
Nd6 b5 35. Rb4 Nc7 36. g4 Nd5 37. Rd4 Rc7 38. Ra6 Nc3 39. Rb4 Rd7 40. Kg2 Rbd8
41. Nxb5 Nxb5 42. Rxb5 Rd2 43. Rb4 Rc2 44. Ra7 Rc6 45. Rf4 Rf6 46. Rxf6 Kxf6 47.
h4 Rd2 48. Kg3 Rb2 49. g5+ hxg5 50. hxg5+ Ke6 51. f3 Rb3 52. Kf4 Rb1 53. Ra6+
Ke7 54. Ra4 Rb5 55. e4 Rb1 56. Ra5 Rg1 57. Ra7+ Ke6 58. Ra6+ Ke7 59. Ra5 Kf8 60.
Ra7 Kg7 61. Re7 Rg2 62. Re5 Rg1 63. Rd5 Kf8 64. Ra5 Rg2 65. Rd5 Rg1 66. Ke5 Kg7
67. f4 Re1 68. Rd7 Re2 69. Rd4 Rf2 70. Rc4 Rf1 71. Rc7 Re1 72. Rc6 Re2 73. Rc4
Rf2 74. Rc3 Re2 75. Rf3 Re1 76. Kd4 Rd1+ 77. Rd3 Rf1 78. Ke5 Re1 79. Rd4 Rf1 80.
Rd5 Rf2 81. Rd6 Rf1 82. Rd4 Re1 83. Rd5 Re2 84. Rd3 Re1 85. Rd2 Rf1 86. Re2 Rf3
87. Rg2 Rf1 88. Rg4 Ra1 89. Rg2 Ra5+ 90. Kd6 Ra4 91. Re2 Ra6+ 92. Kd5 Ra5+ 93.
Kd4 Ra4+ 94. Ke3 Ra3+ 95. Kf2 Ra1 96. Re3 Ra2+ 97. Kf3 Ra4 98. Rd3 Ra1 99. Rd7
Rf1+ 100. Ke3 Kf8 101. Ra7 Kg8 102. Rb7 Kf8 103. Rc7 Kg8 104. Rc2 Kg7 105. Rf2
Re1+ 106. Re2 Ra1 107. Rd2 Re1+ 108. Kd4 Ra1 109. Ke5 Ra5+ 110. Rd5 Ra1 111. Rc5
Rf1 112. Rc3 Re1 113. Rf3 Re2 114. Kd4 Re1 115. Rf2 Rg1 116. Ke3 Re1+ 117. Kf3 1/2-1/2

[Event "Chess.com Open Playoffs"]
[Site "chess.com INT"]
[Date "2026.04.23"]
[Round "51.3"]
[White "Erigaisi, Arjun"]
[Black "Nepomniachtchi, Ian"]
[Result "0-1"]
[WhiteTitle "GM"]
[BlackTitle "GM"]
[WhiteElo "2751"]
[BlackElo "2729"]
[WhiteFideId "35009192"]
[BlackFideId "4168119"]
[EventDate "2026.04.23"]
[EventType "k.o."]

1. d4 Nf6 2. c4 e6 3. Nc3 Bb4 4. Qc2 c5 5. dxc5 O-O 6. a3 Bxc5 7. Nf3 d5 8. Bf4
d4 9. O-O-O Nbd7 10. Na4 Be7 11. Rxd4 Qa5 12. Bd2 Qc7 13. Nc3 Re8 14. Kb1 e5 15.
Rh4 Nf8 16. g4 e4 17. g5 Ng4 18. Nxe4 Ng6 19. h3 Nxf2 20. Nxf2 Nxh4 21. Nxh4 Qg3
22. Qe4 Qxf2 23. Bb4 Be6 24. Bc3 Bxg5 25. Nf3 Qe3 26. Qxb7 Rab8 0-1

[Event "Chess.com Open Playoffs"]
[Site "chess.com INT"]
[Date "2026.04.23"]
[Round "51.3"]
[White "Vachier-Lagrave, Maxime"]
[Black "Sindarov, Javokhir"]
[Result "1-0"]
[WhiteTitle "GM"]
[BlackTitle "GM"]
[WhiteElo "2717"]
[BlackElo "2745"]
[WhiteFideId "623539"]
[BlackFideId "14205483"]
[EventDate "2026.04.23"]
[EventType "k.o."]

1. e4 e5 2. Nf3 Nc6 3. Bb5 a6 4. Ba4 d6 5. c3 Bd7 6. O-O g6 7. Re1 Bg7 8. d4 Nf6
9. h3 O-O 10. Bc2 b5 11. a4 Re8 12. axb5 axb5 13. Rxa8 Qxa8 14. d5 Na5 15. Na3
c6 16. dxc6 Bxc6 17. Qe2 Qa6 18. Bd3 Rb8 19. b4 Nb3 20. Bb2 Bd7 21. Qd1 Be6 22.
Bc2 1-0

[Event "Chess.com Open Playoffs"]
[Site "chess.com INT"]
[Date "2026.04.23"]
[Round "51.3"]
[White "Yu, Yangyi"]
[Black "Sevian, Samuel"]
[Result "1-0"]
[WhiteTitle "GM"]
[BlackTitle "GM"]
[WhiteElo "2717"]
[BlackElo "2696"]
[WhiteFideId "8603820"]
[BlackFideId "2040506"]
[EventDate "2026.04.23"]
[EventType "k.o."]

1. d4 Nf6 2. c4 e6 3. Nc3 Bb4 4. Nf3 d5 5. cxd5 exd5 6. Bg5 h6 7. Bh4 O-O 8. Qc2
c5 9. e3 Be6 10. Be2 Nbd7 11. O-O Rc8 12. Nb5 Qb6 13. a3 cxd4 14. Qb1 Be7 15.
Nbxd4 Nc5 16. Nxe6 fxe6 17. Ne5 Nb3 18. Ng6 Bd6 19. Nxf8 Rxf8 20. Bxf6 Rxf6 21.
Qc2 Nxa1 22. Rxa1 Qc7 23. Qxc7 Bxc7 24. Rc1 Be5 25. b3 Bb2 26. Rc8+ Rf8 27. Bg4
Rxc8 28. Bxe6+ Kf8 29. Bxc8 d4 30. e4 b5 31. Ba6 d3 32. Kf1 Bxa3 33. Bxb5 d2 34.
Ke2 Bc5 35. f4 Bg1 36. h3 Bh2 37. f5 Bf4 38. b4 Ke7 39. Ba4 Kf6 40. Kf3 Bd6 41.
b5 Be5 42. Bc2 Bc7 43. Ke3 Ba5 44. Kd4 Bc7 45. Kd5 Be5 46. g4 Bg3 47. Bd1 Bf4
48. Bb3 Bg3 49. Bd1 Bf4 50. Ba4 Bg3 51. Bc2 Bf4 52. h4 d1=Q+ 53. Bxd1 Bg3 54.
g5+ hxg5 55. hxg5+ Kxg5 56. Ke6 Be1 57. Bc2 Bc3 58. e5 Bb2 59. Kd6 Bc3 60. f6
Kf4 61. Kd7 gxf6 62. e6 Bb4 63. e7 Bxe7 64. Kxe7 Ke5 65. Kd7 f5 66. Bxf5 Kxf5
67. Kc6 Ke5 68. Kb7 Kd6 69. Kxa7 1-0